Statistics for Frisky by Dominic Fike - Lyrics Quiz

Click here to take the quiz!

General Stats

  • This quiz has been taken 42 times
  • The average score is 171 of 204

Answer Stats

Answer% Correct
a
100%
i
100%
you
97%
baby
94%
in
94%
to
94%
an
91%
be
91%
bottle
91%
don't
91%
for
91%
frisky
91%
gonna
91%
it
91%
it's
91%
only
91%
so
91%
temporary
91%
the
91%
toast
91%
two
91%
what
91%
and
88%
dilemma
88%
feel
88%
got
88%
is
88%
listen?
88%
make
88%
world
88%
lil'
85%
your
85%
effort
79%
December
76%
oh
76%
but
74%
end
74%
meditate
74%
not
74%
wanna
74%
places
71%
'round
71%
fancy
68%
help
68%
makes
68%
messy-headed
68%
nobody
68%
of
68%
days
65%
drunk
65%
revelation
65%
these
65%
'cause
62%
heavy
62%
hold
62%
navigate
62%
all
59%
handed
59%
have
59%
outside
59%
step
59%
we're
59%
you'll
59%
brawl
53%
fall
53%
feet
53%
moon
53%
we'll
53%
you're
53%
complicated
50%
try
50%
watch
50%
or
47%
bruised
44%
up
44%
scraped
41%

Score Distribution

Percentile by Number Answered

Percent of People with Each Score

Your Score History

You have not taken this quiz